000
00332 a2200109 4500
001
ART_11551
005
20260410161858.0
008
260409a
245
1
0
_a
Regulation of externalities
100
1
_a
Bergstrom, Theodore C.
773
0
_t
Journal of public economics
_g
- Vol. 5, NÂș 1/2 (ene./feb. 1976)
_w
REV11485
999
_c
25632
_d
25632